Responses for Show #6440 - Friday, September 21, 2012

Contestants

[<< previous game]

Natalie Knowles, a marketing manager from Raleigh, North Carolina

Peter Hansen, a project manager from New York, New York

Erin Zwiener, a conservation journalist and pet-sitter from Abiquiu, New Mexico (whose 1-day cash winnings total $16,200)

[next game >>]

Jeopardy! Round responses

THE CONSTITUTIONAL CONVENTION
SINGERS "R" US
OFFICIAL LANGUAGES
BE A PART OF SEWCIETY
NOW A FEW WORDS
WHALE-WATCHING IN BAJA
(Sarah: These whales came a long way to find this exact spot, and we'll find out why.)
    $200 25
Benjamin Franklin

Peter
    $200 3
David Lee Roth

Peter
    $200 1
Spanish

Erin!
    $200 17
darn

Peter
    $200 22
scat

Peter
    $200 30
mating

Erin!
    $400 24
Independence Hall

Peter
    $400 11
(Peter: Who is Miley Cyrus?)
(Natalie: Who is Adele?)

Rihanna

Erin!PeterNatalie
    $400 6
Maori

Peter
    $400 18
a bolt

Peter
    $400 23
A & E

Triple Stumper
    $400 29
lagoon

Erin!
    $600 7
James Madison

Peter
    $600 13
Diana Ross

Peter
    $600 5
French

Peter
    $600 19
baste

Erin!
    $600 14
(Peter: What is five?)
(Alex: "These 2 numbers".)
(Peter: Uh, what is ten? [*]?)

five & ten

Peter
    $600 26
blubber

Erin!
    $800 8
the Articles of Confederation

Erin!
    $800 12
Bonnie Raitt

Peter
    $1,000 4
Greek & Turkish

Peter
    $800 20
warp

Peter
    $800 15
orchestrate

Triple Stumper
    $800 28
barnacles

Erin!
    $1000 9
(Erin!: What is New York?)
(Natalie: What is Rhode Island?)

Massachusetts

Erin!Natalie
Triple Stumper
    $1000 10
Lionel Richie

Natalie
    $1000 2
Dutch

Natalie
    $1000 21
the bias

Natalie
    $1000 16
(Peter: What is animal [*]?... Or [*]?)
(Alex: No.)
...
(Alex: You added a modifier there that got you in trouble. You don't want to try pleasing your wife with animal [*].)
[Laughter]

husbandry

Erin!Peter
    $1000 27
breach

Erin!

Scores at the first commercial break (after clue 14):

Erin! Peter Natalie
$400 $4,400 $600

Scores at the end of the Jeopardy! Round:

Erin! Peter Natalie
$5,000 $5,600 $1,600

Double Jeopardy! Round responses

PROLOGUES
SITCOM COUPLES
(Alex: We'll give you [*]--you have to identify the show.)
STATE BY COUNTIES
(Alex: We'll give you counties, you have to identify the state.)
B IN THE MIDDLE
(Alex: You will find a "B" in the exact middle of the correct response.)
IT'S NOT JUST A GOOD IDEA
IT'S THE MATH OR SCIENCE LAW
    $400 1
(Erin!: What is... Love and Marriage?)

Married... with Children

Erin!Natalie
    $400 28
[The end-of-round signal sounds.]

New Jersey

Peter
    $400 12
an incubator

Erin!
    $400 13
(Louis) Braille

Peter
    $400 18
(Peter: Who is Mendeleev?)
...
(Alex: You added a few too many letters there, Peter, sorry.)

(Gregor) Mendel

Erin!Peter
    $800 2
The Cosby Show

Natalie
    $800 27
Pennsylvania

Peter
    $800 11
a Zamboni

Erin!
    $800 20
(Erin!: What are timetables?)

time zones

Erin!Peter
    $800 19
periodic

Erin!
    $1200 5
The Fellowship of the Ring

Erin!
    $1200 3
Modern Family

Erin!
    $1200 24
Arizona

Peter
    $1200 10
Numbers

Erin!
    $1200 26
The Producers

Peter
    $1200 14
a triangle

Erin!
    $3,000 7
(Ralph Waldo) Ellison

Erin!
    $1600 4
The Fairly OddParents

Peter
    $2,000 23
(Alex: We have about a minute left, Natalie.)
...
(Natalie: What is Kentucky?)
(Alex: I needed 2 states.)
(Natalie: And Tennessee?)

Texas & Tennessee

Natalie
    $1600 9
an obi

Peter
    $1600 25
the lung & the heart

Erin!
    $1600 15
the commutative law

Erin!
    $2000 6
the Archbishop

Erin!
    $2000 17
Full House

Erin!
    $2000 22
(Peter: What is Michigan?)
(Erin!: What is New York?)

Wisconsin

Erin!PeterNatalie
    $2000 8
a cabal

Erin!
    $2000 21
(Frederick Law) Olmsted

Peter
    $2000 16
(Johannes) Kepler

Natalie

Scores at the end of the Double Jeopardy! Round:

Erin! Peter Natalie
$21,200 $13,200 $4,800

[wagering suggestions for these scores]

Final Jeopardy! Round responses

THE OSCARS
(Alex: There are two films that should have come to mind, both of them Biblical epics.)
...
(Alex: No, I said Biblical epics, and you had to think of [*]... Judah [*].)
NatalieWhat is Cleopatra
$4,700
PeterWhat is Cleopatra?
$8,001
Erin!What is The Jazz S All Quiet on the Western Front
$5,201
Ben-Hur

Final scores:

Erin! Peter Natalie
$15,999 $5,199 $100
2-day champion: $32,199 2nd place: $2,000 3rd place: $1,000

Game dynamics:

Coryat scores:

Erin! Peter Natalie
$19,800 $13,000 $6,800
24 R
(including 1 DD),
4 W
23 R
(including 1 DD),
4 W
7 R,
3 W
(including 1 DD)

Combined Coryat: $39,600

[game clues] [game scores] [suggest correction]

Game tape date: 2012-07-24
The J! Archive is created by fans, for fans. Scraping, republication, monetization, and malicious use prohibited; this site may use cookies and collect identifying information. See terms. The Jeopardy! game show and all elements thereof, including but not limited to copyright and trademark thereto, are the property of Jeopardy Productions, Inc. and are protected under law. This website is not affiliated with, sponsored by, or operated by Jeopardy Productions, Inc. Join the discussion at JBoard.tv.